[Event "Barcelona Tres Peons-B 45th"]
[Site "Barcelona"]
[Date "2016.06.03"]
[Round "8.1"]
[White "Cespedes Llaverias, Llibert"]
[Black "Gil Garcia, Robert"]
[Result "1-0"]
[WhiteElo "1774"]
[BlackElo "1834"]
[PlyCount "31"]
[EventDate "2016.04.15"]
[EventType "swiss"]
[EventRounds "9"]
[EventCountry "ESP"]
[SourceTitle "EXT 2024"]
[Source "ChessBase"]
[SourceDate "2023.10.10"]
[SourceVersion "1"]
[SourceVersionDate "2023.10.10"]
[SourceQuality "1"]

1. e4 e5 2. Nf3 Nf6 3. d4 Nxe4 4. Bd3 d5 5. Nxe5 Bd6 6. Nf3 Bg4 7. 0-0 0-0 8. c4 c6 9. Nbd2 Re8 10. Re1 f5 11. cxd5 Nxd2 12. Bxd2 Rxe1+ 13. Qxe1 cxd5 14. Qe6+ Kh8 15. Ng5 Bh5 16. Qxf5 1-0

[Event "Barcelona Tres Peons-B 45th"]
[Site "Barcelona"]
[Date "2016.05.20"]
[Round "6.2"]
[White "Gil Garcia, Robert"]
[Black "De Azua Arpi, Rafael"]
[Result "1-0"]
[WhiteElo "1834"]
[BlackElo "1920"]
[PlyCount "83"]
[EventDate "2016.04.15"]
[EventType "swiss"]
[EventRounds "9"]
[EventCountry "ESP"]
[SourceTitle "EXT 2024"]
[Source "ChessBase"]
[SourceDate "2023.10.10"]
[SourceVersion "1"]
[SourceVersionDate "2023.10.10"]
[SourceQuality "1"]

1. e4 e6 2. d4 d5 3. Nd2 Nf6 4. e5 Nfd7 5. c3 c5 6. Ngf3 Nc6 7. Bd3 Qb6 8. 0-0 cxd4 9. cxd4 Nxd4 10. Nxd4 Qxd4 11. Nf3 Qb6 12. Qa4 Qb4 13. Qc2 h6 14. Bd2 Qb6 15. Qa4 Qd8 16. Rac1 a6 17. Rc2 Rb8 18. Rfc1 b5 19. Qg4 Bb7 20. Bg6 Qe7 21. Rc7 fxg6 22. Qxg6+ Qf7 23. Qxf7+ Kxf7 24. Rxd7+ Ke8 25. Rdc7 Be7 26. Nd4 Kf7 27. Bb4 Rhe8 28. Rxe7+ Rxe7 29. Bxe7 Kxe7 30. Rc7+ Ke8 31. Nxe6 Rc8 32. Nxg7+ Kd8 33. Ne6+ Ke8 34. Rxc8+ Bxc8 35. Nd4 Ke7 36. b4 Bd7 37. h3 h5 38. f4 Be8 39. h4 Kd7 40. Kf2 Bg6 41. f5 Bh7 42. Ke3 1-0

[Event "Barcelona Tres Peons-B 45th"]
[Site "Barcelona"]
[Date "2016.05.13"]
[Round "5.4"]
[White "Lleyda Naval, Justo"]
[Black "Gil Garcia, Robert"]
[Result "1/2-1/2"]
[WhiteElo "1893"]
[BlackElo "1834"]
[PlyCount "87"]
[EventDate "2016.04.15"]
[EventType "swiss"]
[EventRounds "9"]
[EventCountry "ESP"]
[SourceTitle "EXT 2024"]
[Source "ChessBase"]
[SourceDate "2023.10.10"]
[SourceVersion "1"]
[SourceVersionDate "2023.10.10"]
[SourceQuality "1"]

1. e4 c5 2. Nf3 Nc6 3. d4 cxd4 4. Nxd4 e5 5. Nb5 d6 6. N1c3 a6 7. Na3 b5 8. Nd5 Nge7 9. c3 Bb7 10. Nc2 Nxd5 11. exd5 Ne7 12. Ne3 f5 13. c4 bxc4 14. Bxc4 f4 15. Nc2 Bxd5 16. Bxd5 Qa5+ 17. Bd2 Qxd5 18. 0-0 Nc6 19. Qe2 Be7 20. Rfd1 Qf7 21. Bb4 Nxb4 22. Nxb4 0-0 23. Nxa6 f3 24. gxf3 Rxa6 25. Qxa6 Qxf3 26. Qd3 Qxf2+ 27. Kh1 Qxb2 28. Qb3+ Qxb3 29. axb3 Rf2 30. Ra7 Kf8 31. b4 Rb2 32. Rb7 Kf7 33. Rxd6 Rxb4 34. Rdd7 Rxb7 35. Rxb7 Ke6 36. Kg2 Bf6 37. Rb4 Kf5 38. Kf3 g5 39. h3 h5 40. Ra4 Be7 41. Rc4 Ba3 42. Ra4 Bc1 43. Ra8 e4+ 44. Ke2 1/2-1/2

[Event "Barcelona Primavera La Lira op 5th"]
[Site "Barcelona"]
[Date "2012.06.14"]
[Round "9"]
[White "Gil Garcia, Robert"]
[Black "Lampurlanes Farre, Isaac"]
[Result "1-0"]
[WhiteElo "1879"]
[BlackElo "1710"]
[PlyCount "77"]
[EventDate "2012.04.19"]
[EventType "swiss"]
[EventRounds "9"]
[EventCountry "ESP"]
[SourceTitle "CBM 148 Extra"]
[Source "ChessBase"]
[SourceDate "2012.06.22"]
[SourceVersion "1"]
[SourceVersionDate "2012.06.22"]
[SourceQuality "1"]

1. e4 d6 2. f4 Nf6 3. Nc3 g6 4. Bc4 Bg7 5. d3 0-0 6. Nf3 Nc6 7. a3 e5 8. fxe5 Nxe5 9. Nxe5 dxe5 10. 0-0 c6 11. Kh1 Nh5 12. Qe1 g5 13. g3 Bh3 14. Rf2 h6 15. Qe2 Nf6 16. Nd1 Ng4 17. Rf3 Nf6 18. Ne3 Qd7 19. Qf2 Ng4 20. Qg1 Nxe3 21. Qxe3 Kh8 22. Bd2 f5 23. Bc3 fxe4 24. Rxf8+ Rxf8 25. dxe4 Bg4 26. Be2 Bxe2 27. Qxe2 Qf7 28. Kg2 h5 29. Bb4 Rd8 30. Rf1 Qg6 31. Rf5 g4 32. h3 Rd7 33. h4 Rf7 34. Rg5 Qh7 35. Bd6 Bf6 36. Bxe5 Bxe5 37. Rxe5 Qg6 38. Rg5 Qh6 39. Qc4 1-0

[Event "Benidorm op U2000 06th"]
[Site "Benidorm"]
[Date "2007.??.??"]
[Round "5"]
[White "Gil Garcia, Robert"]
[Black "Rico Sanchez, Julio"]
[Result "0-1"]
[WhiteElo "1845"]
[BlackElo "1960"]
[PlyCount "51"]
[EventDate "2007.11.??"]
[EventType "swiss"]
[EventRounds "9"]
[EventCountry "ESP"]
[SourceTitle "EXT 2010"]
[Source "ChessBase"]
[SourceDate "2010.11.25"]
[SourceVersion "1"]
[SourceVersionDate "2010.11.25"]
[SourceQuality "1"]

1. e4 d5 2. exd5 Nf6 3. Bb5+ Bd7 4. Bc4 Bg4 5. f3 Bf5 6. Nc3 c6 7. dxc6 Nxc6 8. Nge2 Qb6 9. d3 0-0-0 10. g4 Bg6 11. g5 Ne5 12. Nf4 Nxc4 13. Nxg6 hxg6 14. Qe2 Nd6 15. gxf6 exf6 16. Qf2 Re8+ 17. Ne2 Qc6 18. Bf4 Qa6 19. Qc5+ Kb8 20. Qd5 Ka8 21. a4 Rh5 22. Qb3 Qc6 23. Rf1 Rh3 24. Bg3 Nf5 25. Qxf7 Nd4 26. Kf2 0-1

[Event "Barcelona Sant Marti op 06th"]
[Site "Barcelona"]
[Date "2004.04.24"]
[Round "2"]
[White "Bernat, Ernest"]
[Black "Gil Garcia, Robert"]
[Result "1-0"]
[WhiteElo "2185"]
[BlackElo "1935"]
[PlyCount "48"]
[EventDate "2004.04.17"]
[EventType "swiss"]
[EventRounds "9"]
[EventCountry "ESP"]
[SourceTitle "CBM 100 Extra"]
[Source "ChessBase"]
[SourceDate "2004.07.06"]
[SourceVersion "2"]
[SourceVersionDate "2004.07.06"]
[SourceQuality "1"]

1. e4 e5 2. Nf3 Nc6 3. Bb5 a6 4. Ba4 Nf6 5. Qe2 b5 6. Bb3 Bc5 7. c3 0-0 8. 0-0 d5 9. d3 d4 10. Bg5 h6 11. Bh4 Be6 12. Bc2 Be7 13. Bg3 dxc3 14. bxc3 Bg4 15. a3 Nh5 16. Nbd2 Bg5 17. Qe1 Nf4 18. Bxf4 Bxf4 19. h3 Be6 20. Qe2 Qd7 21. Rfd1 Kh8 22. Bb3 Rae8 23. Bxe6 Rxe6 24. Nf1 Rd6 1-0

[Event "Barcelona op-B"]
[Site "Barcelona"]
[Date "1998.??.??"]
[Round "1"]
[White "Gil Espla, J."]
[Black "Gil Garcia, Robert"]
[Result "1-0"]
[WhiteElo "2000"]
[BlackElo "1900"]
[PlyCount "55"]
[EventDate "1998.??.??"]
[EventType "swiss"]
[EventRounds "8"]
[EventCountry "ESP"]
[SourceTitle "EXT 2019"]
[Source "ChessBase"]
[SourceDate "2018.10.10"]
[SourceVersion "1"]
[SourceVersionDate "2018.10.10"]
[SourceQuality "1"]

1. e4 c5 2. Nf3 Nc6 3. d4 cxd4 4. Nxd4 e5 5. Nb5 d6 6. N1c3 a6 7. Na3 Be6 8. Nc4 b5 9. Ne3 Nf6 10. a3 Be7 11. Bd3 0-0 12. 0-0 Ne8 13. Ned5 f5 14. Nxe7+ Qxe7 15. exf5 Bxf5 16. Bxf5 Rxf5 17. Qd5+ Qf7 18. Qxc6 Ra7 19. Qd5 Nf6 20. Qxf7+ Rxf7 21. Rd1 e4 22. Be3 d5 23. h3 Kf8 24. Rd2 Rd7 25. Rad1 Ke7 26. Bd4 Ne8 27. Bc5+ Ke6 28. Ne2 1-0

[Event "Barcelona op-B"]
[Site "Barcelona"]
[Date "1998.??.??"]
[Round "7"]
[White "Malsch, Ulrich"]
[Black "Gil Garcia, Robert"]
[Result "1-0"]
[WhiteElo "1965"]
[BlackElo "1900"]
[PlyCount "63"]
[EventDate "1998.??.??"]
[EventType "swiss"]
[EventRounds "8"]
[EventCountry "ESP"]
[SourceTitle "EXT 2019"]
[Source "ChessBase"]
[SourceDate "2018.10.10"]
[SourceVersion "1"]
[SourceVersionDate "2018.10.10"]
[SourceQuality "1"]

1. e4 c5 2. Nf3 Nc6 3. d4 cxd4 4. Nxd4 e5 5. Nb5 d6 6. c4 a6 7. N5c3 Be6 8. Be2 Nge7 9. 0-0 Nd4 10. Be3 Nec6 11. Nd5 Be7 12. Nbc3 0-0 13. f4 f5 14. Bd3 exf4 15. Nxf4 Bg5 16. Bxd4 Nxd4 17. Nxe6 Nxe6 18. exf5 Nf4 19. Kh1 Qb6 20. Rb1 Rac8 21. Be4 Kh8 22. Qg4 Bh6 23. Rxf4 Bxf4 24. Qxf4 Rc5 25. Qf3 Rfc8 26. f6 g6 27. f7 Kg7 28. Rf1 Rf8 29. Qf6+ Kh6 30. Rf3 Rxc4 31. Bd5 Rxc3 32. Rxc3 1-0